000 00394nam a22001457a 4500
003 OSt
005 20260127161322.0
008 260127b |||||||| |||| 00| 0 eng d
040 _cMRSPTU
041 _aENG
100 _aMukul Aggarwal , Supervisor: Dr. Sanjiv Aggarwal
245 _aSustainable Buildings
260 _bDepartment of Civil Engg. MRSPTU, Bathinda
_c2014
942 _2ddc
_cTH
_n0
999 _c10771
_d10771